000 01059cam a22003137a 4500
003 CHAP
005 20220329134353.0
008 971013s1955 r 00010 d
010 _a19485
011 _a20457
035 _a24545
040 _cCHAP
082 _a631.43
_bA54
110 _aAmerican Society for Testing and Materials
_95290
245 0 _aSimposium on permeability of soils
260 _aChicago, Ill. :
_bAmerican Society for Testing and Materials,
_c1955
300 _a136 p.
_b: ilus
490 0 _aASTM, special technical publications
_v; 163
590 _aBATCH-UPD
_b10
_c20130110
_lUCH01
_h0040
590 _aBATCH-UPD
_b10
_c20130110
_lUCH01
_h2322
590 _aBATCH-UPD
_b10
_c20130409
_lUCH01
_h2025
590 _aBATCH-UPD
_b10
_c20130914
_lUCH01
_h2036
590 _aCONVERSION
_b10
_c20130109
_lUCH01
_h1312
650 1 4 _aSuelos
_xPercolación.
_9110457
830 0 _aASTM, special technical publications
_v; 163
_98181
901 _aBK
942 _cLIBRO
949 _a631.43 A54
_bBC
_cLIBRO
_d33724000067369
_eLIBRO
_h34968
_i24545
_mD
_si
999 _c19485
_d19485